Unit operations of chemical engineering (Record no. 3799)

000 -LEADER
fixed length control field 00652nam a2200241 a 4500
001 - CONTROL NUMBER
control field 3799
003 - CONTROL NUMBER IDENTIFIER
control field BD-DhUET
008 - FIXED-LENGTH DATA ELEMENTS--GENERAL INFORMATION
fixed length control field 850523s1985 nyua b 001 0 eng
020 ## - INTERNATIONAL STANDARD BOOK NUMBER
International Standard Book Number 0070448280
040 ## - CATALOGING SOURCE
Modifying agency BD-DhUET
Transcribing agency 0
082 0# - DEWEY DECIMAL CLASSIFICATION NUMBER
Classification number 660.2842
Item number MCC/1985
100 1# - MAIN ENTRY--PERSONAL NAME
Personal name McCabe, Warren L.
245 10 - TITLE STATEMENT
Title Unit operations of chemical engineering
250 ## - EDITION STATEMENT
Edition statement 4th ed.
260 ## - PUBLICATION, DISTRIBUTION, ETC. (IMPRINT)
Place of publication, distribution, etc. New York
Name of publisher, distributor, etc. McGraw-Hill
Date of publication, distribution, etc. 1985
300 ## - PHYSICAL DESCRIPTION
Extent x, 960 p.
Other physical details ill.
Dimensions 25 cm.
490 1# - SERIES STATEMENT
Series statement McGraw-Hill chemical engineering series
504 ## - BIBLIOGRAPHY, ETC. NOTE
Bibliography, etc Includes bibliographies
650 #0 - SUBJECT ADDED ENTRY--TOPICAL TERM
Topical term or geographic name as entry element Chemical Processer
700 1# - ADDED ENTRY--PERSONAL NAME
Personal name Smith, Julian C.
700 1# - ADDED ENTRY--PERSONAL NAME
Personal name Harriott, Peter.
942 ## - ADDED ENTRY ELEMENTS (KOHA)
Koha item type General Book
Holdings
Piece designation (barcode) Koha full call number Koha normalized classification for sorting Koha issues (times borrowed) Copy number Damaged status Date acquired Location (home branch) Not for loan Shelving location Koha item type Sublocation or collection (holding branch) Koha date last seen Withdrawn status Price effective from Lost status Koha date last borrowed Source of classification or shelving scheme
72739660.2842/MCC/1985660_000000000000000_2842MCC198 1 2014-11-05Central Library, BUET Circulation sectionGeneral BookCentral Library, BUET2016-10-23 2014-11-05   
77549660.2842/MCC/1985660_000000000000000_2842MCC198 2 2014-11-05Central Library, BUET Circulation sectionGeneral BookCentral Library, BUET2014-11-05 2014-11-05   
77550660.2842/MCC/1985660_000000000000000_2842MCC19823 2014-11-05Central Library, BUET Circulation sectionGeneral BookCentral Library, BUET2018-12-04 2014-11-05 2018-11-14 
68731660.2842/MCC/1985660_284200000000000_MCC_1985 4 2015-07-01Central Library, BUET Reading sectionReading ItemCentral Library, BUET2015-07-01 2015-07-01   
73910660.2842 MCC/1985660_284200000000000_MCC_1985 ৪/ক-১ 1989-06-27Central Library, BUET Rental sectionRental ItemCentral Library, BUET2024-11-25 2024-11-25   
73911660.2842 MCC/1985660_284200000000000_MCC_1985 ৪/ক-২ 1989-06-27Central Library, BUET Rental sectionRental ItemCentral Library, BUET2024-11-25 2024-11-25   
73912660.2842 MCC/1985660_284200000000000_MCC_1985 ৪/ক-৩ 1989-06-27Central Library, BUET Rental sectionRental ItemCentral Library, BUET2024-11-25 2024-11-25   
73913660.2842 MCC/1985660_284200000000000_MCC_1985 ৪/ক-৪ 1989-06-27Central Library, BUET Rental sectionRental ItemCentral Library, BUET2024-11-25 2024-11-25   
73914660.2842 MCC/1985660_284200000000000_MCC_1985 ৪/ক-৫ 1989-06-27Central Library, BUET Rental sectionRental ItemCentral Library, BUET2024-11-25 2024-11-25   
73915660.2842 MCC/1985660_284200000000000_MCC_1985 ৪/ক-৬ 1989-06-27Central Library, BUET Rental sectionRental ItemCentral Library, BUET2024-11-25 2024-11-25   
73916660.2842 MCC/1985660_284200000000000_MCC_1985 ৪/ক-৭ 1989-06-27Central Library, BUET Rental sectionRental ItemCentral Library, BUET2024-11-25 2024-11-25   
73917660.2842 MCC/1985660_284200000000000_MCC_1985 ৪/ক-৮ 1989-06-27Central Library, BUET Rental sectionRental ItemCentral Library, BUET2024-11-25 2024-11-25   
73918660.2842 MCC/1985660_284200000000000_MCC_1985 ৪/ক-৯ 1989-06-27Central Library, BUET Rental sectionRental ItemCentral Library, BUET2024-11-25 2024-11-25   
73919660.2842 MCC/1985660_284200000000000_MCC_1985 ৪/ক-১০ 1989-06-27Central Library, BUET Rental sectionRental ItemCentral Library, BUET2024-11-25 2024-11-25   
73934660.2842 MCC/1985660_284200000000000_MCC_1985 ৪/ক-২৫ 1989-06-27Central Library, BUET Rental sectionRental ItemCentral Library, BUET2024-11-25 2024-11-25   
73935660.2842 MCC/1985660_284200000000000_MCC_1985 ৪/ক-২৬ 1989-06-27Central Library, BUET Rental sectionRental ItemCentral Library, BUET2024-11-25 2024-11-25